000
00332nam a2200145Ia 4500
008
150201s2004 xx 000 0 und d
082
_a
612.1
_b
B04D
100
_a
DRAVID,NV
245
_a
BLOOD AND CERCULATION
250
_a
1ST
260
_b
JAYPEE BROTHERS
_a
DELHI
_c
2004
300
_a
1-54
650
_a
PATHOLOGY
942
_2
ddc
_c
BK
999
_c
526
_d
526